Harry Potter Trivia Quiz #1 - Statistics

General Stats
  • This quiz has been taken 402 times
  • The average score is 14 of 20
Answer Stats
Question Answer % Correct
What are the four Hogwarts houses? Gryffindor
97%
What are the four Hogwarts houses? Hufflepuff
97%
What are the four Hogwarts houses? Ravenclaw
96%
What are the four Hogwarts houses? Slytherin
96%
Who are Harry's best friends? Hermione Granger
93%
Who are Harry's best friends? Ron Weasley
93%
What is at the core of Harry's wand? {Phoenix} feather
86%
What is Ron's greatest fear? Spiders
86%
How many points is the Golden Snitch worth? 150
84%
Who is Harry's godfather? Sirius Black
84%
What is Voldemort's real name? Tom Marvolo Riddle
84%
What is the term for a nonmagical person? Muggle
63%
What is Hermione’s patronus? An otter
58%
What is the name of the Gryffindor ghost? Nearly Headless Nick
55%
What is the Dursley's address? 4 Privet Drive
52%
What village was Harry Potter born in? Godric's Hollow
46%
What type of creature is Fluffy? A three-headed dog
42%
How many Sickles are in a Galleon? 17
40%
Who owns the robes shop on Diagon Alley? Madam Malkin
31%
What is the name of the Weasley twins’ magic joke shop? Weasleys’ Wizard Wheezes
28%
No matching quizzes found
Score Distribution
Percent of People with Each Score
Percentile by Number Answered
Your Score History
You have not taken this quiz